Normal view MARC view

Entry Personal Name

Number of records used in: 2

001 - CONTROL NUMBER

  • control field: 1157645

003 - CONTROL NUMBER IDENTIFIER

  • control field: OSt

005 - DATE AND TIME OF LATEST TRANSACTION

  • control field: 20260324120214.0

008 - FIXED-LENGTH DATA ELEMENTS

  • fixed length control field: 260324|| aca||aabn | a|a d

040 ## - CATALOGING SOURCE

  • Original cataloging agency: OSt
  • Transcribing agency: OSt

100 ## - HEADING--PERSONAL NAME

  • Personal name: Rosalind Crone; Paul Lawrence; Haia Shpayer-Makov; Janet Clark

670 ## - SOURCE DATA FOUND

  • Source citation: Work cat.: (OSt)1749054: Rosalind Crone; Paul Lawrence; Haia Shpayer-Makov; Janet Clark, The Making of the Modern Police, 1780–1914, Part II vol 4
Copyright @ Delhi University Library System